| 000 | 01102nam a2200265 a 4500 | ||
|---|---|---|---|
| 005 | 20170918121114.0 | ||
| 008 | 880812s1982 ck ab r 10010 spa d | ||
| 015 | _ack-1982-xxxx | ||
| 020 | _a8489206155 | ||
| 040 |
_ala _cla _dCO-BoIAVH |
||
| 041 | 0 | _aspa | |
| 082 | 0 | 4 |
_a333.72 _bC74a |
| 111 | 2 |
_aConferencia Internacional _d(1982 : _cCali) |
|
| 245 | 1 | 0 |
_aAmazonia : _binvestigación sobre agricultura y uso de tierras / _cEditora Susanna B. Hecht. |
| 260 |
_aCali : _bCentro Internacional de Agricultura Tropical, _c1982. |
||
| 300 |
_a448 páginas : _bilustraciones, diagramas y mapas ; _c23 cm. |
||
| 490 | 0 | 0 | _aSerie CIAT |
| 650 | 1 | 4 |
_aRecursos naturales _zAmazonas (Región) _vCongresos, conferencias, etc. |
| 650 | 2 | 4 |
_aAgricultura _xInvestigaciones _zAmazonas (Región) _vCongresos, conferencias, etc. |
| 650 | 2 | 4 |
_aTierra _xUso _zAmazonas (Región) _vCongresos, conferencias, etc. |
| 700 | 1 |
_aHecht, Susana B., _eeditora. |
|
| 710 | 2 |
_aCentro Internacional de Agricultura Tropical (CIAT) _cCali. |
|
| 942 |
_2ddc _cLIBRO |
||
| 949 |
_am _bc |
||
| 999 |
_c5294 _d5294 |
||